MARC

LEADER 00000nam0a2200000 4500
001 344043
005 20231222132618.0
035 |a (RuTPU)RU\TPU\book\375002 
090 |a 344043 
100 |a 20191206d2010 m y0rusy50 ca 
101 0 |a rus 
102 |a RU 
105 |a a j 001zy 
200 1 |a Метрология, стандартизация и сертификация  |e учебное пособие  |f Ю. Б. Червач  |g Национальный исследовательский Томский политехнический университет 
210 |a Томск  |c Изд-во ТПУ  |d 2010 
215 |a 54 с.  |c ил. 
320 |a Библиогр.: с. 53 
606 1 |a Измерения технические в машиностроении  |2 stltpush  |3 (RuTPU)RU\TPU\subj\12263  |9 39077 
606 1 |a Машиностроение  |x Стандартизация  |2 stltpush  |3 (RuTPU)RU\TPU\subj\41489  |9 61279 
610 1 |a сертификация 
610 1 |a посадки 
610 1 |a расчет 
610 1 |a гладкие цилиндрические детали 
610 1 |a подшипники качения 
610 1 |a размерные цепи 
610 1 |a допуски 
610 1 |a резьбовые соединения 
610 1 |a шлицевые соединения 
610 1 |a учебные пособия 
610 1 |a труды учёных ТПУ 
675 |a 006(075.8)  |v 4 
675 |a 621.002:658.516(075.8)  |v 4 
700 1 |a Червач  |b Ю. Б.  |c специалист в области машиностроения  |c доцент Томского политехнического университета, кандидат технических наук  |f 1951-  |g Юрий Борисович  |3 (RuTPU)RU\TPU\pers\29000  |9 13721 
712 0 2 |a Национальный исследовательский Томский политехнический университет  |c (2009- )  |3 (RuTPU)RU\TPU\col\15902  |9 26305 
801 1 |a RU  |b 63413507  |c 20191206 
801 2 |a RU  |b 63413507  |c 20191224  |g RCR 
942 |c BK